[Event "SVK-ch 1st G2 email"]
[Site "Slovakia"]
[Date "2001.??.??"]
[Round "?"]
[White "Blasko, Marian"]
[Black "Dioszegi, Ludovit"]
[Result "1-0"]
[WhiteElo "1600"]
[BlackElo "1833"]
[PlyCount "39"]
[EventDate "2001.11.??"]
[EventType "tourn (corr)"]
[EventRounds "5"]
[EventCountry "SVK"]
[SourceTitle "Corr 2002"]
[Source "ChessBase"]
[SourceDate "2002.05.23"]
[SourceVersion "1"]
[SourceVersionDate "2002.05.23"]
[SourceQuality "1"]

1. e4 c5 2. d4 cxd4 3. f4 d5 4. Qxd4 dxe4 5. Be3 Nc6 6. Qxd8+ Kxd8 7. Nc3 f5 8. 0-0-0+ Bd7 9. g4 e6 10. gxf5 exf5 11. Bb5 Nf6 12. Nd5 Nxd5 13. Rxd5 Kc7 14. Rd2 Rd8 15. Ne2 Bb4 16. c3 Ba5 17. Rhd1 a6 18. Bxc6 Bxc6 19. Nd4 g6 20. Ne6+ 1-0

[Event "SVK-ch 1st G2 email"]
[Site "Slovakia"]
[Date "2001.??.??"]
[Round "?"]
[White "Chovanec, Milan"]
[Black "Blasko, Marian"]
[Result "1-0"]
[WhiteElo "2334"]
[BlackElo "1600"]
[PlyCount "51"]
[EventDate "2001.11.??"]
[EventType "tourn (corr)"]
[EventRounds "5"]
[EventCountry "SVK"]
[SourceTitle "Corr 2002"]
[Source "ChessBase"]
[SourceDate "2002.05.23"]
[SourceVersion "1"]
[SourceVersionDate "2002.05.23"]
[SourceQuality "1"]

1. c4 e5 2. Nc3 Nc6 3. Nf3 Nf6 4. g3 d5 5. cxd5 Nxd5 6. Bg2 Nxc3 7. bxc3 e4 8. Ng1 f5 9. d3 exd3 10. exd3 Qf6 11. Ne2 Bd7 12. Rb1 Bd6 13. Rxb7 Na5 14. Rxc7 Bxc7 15. Bxa8 0-0 16. Bg2 Re8 17. 0-0 Nc6 18. Re1 Ne5 19. Nf4 g5 20. Nd5 Qd6 21. Bxg5 Kg7 22. Bf4 Bc6 23. d4 Bxd5 24. Bxe5+ Rxe5 25. dxe5 Qc6 26. Qxd5 1-0